<?xml version="1.0" encoding="UTF-8"?>
<marc:record xmlns:marc="http://www.loc.gov/MARC21/slim">
   <marc:leader>00000nam a2200000 a 4500</marc:leader>
   <marc:datafield ind1="1" ind2=" " tag="100">
      <marc:subfield code="a">Robbins, Melanie Lee</marc:subfield>
      <marc:subfield code="4">aut</marc:subfield>
      <marc:subfield code="e">Verfasser/-in</marc:subfield>
   </marc:datafield>
   <marc:datafield ind1=" " ind2=" " tag="653">
      <marc:subfield code="a">Ratgeber</marc:subfield>
   </marc:datafield>
   <marc:datafield ind1="0" ind2="0" tag="245">
      <marc:subfield code="a">Die LET THEM Theorie</marc:subfield>
   </marc:datafield>
   <marc:datafield ind1="0" ind2="0" tag="245">
      <marc:subfield code="b">zwei Worte, die dein Leben verändern werden</marc:subfield>
   </marc:datafield>
   <marc:datafield ind1=" " ind2="1" tag="264">
      <marc:subfield code="b">Goldmann</marc:subfield>
   </marc:datafield>
   <marc:datafield ind1="1" ind2=" " tag="520">
      <marc:subfield code="a">Der Schlüssel zu Lebensglück, Erfolg und Liebe steckt in nur zwei Worten.  Dieses lebensverändernde Werkzeug gibt uns die Möglichkeit, unsere Energie nicht mehr für Dinge zu verschwenden, die wir nicht kontrollieren können. Konzentriere dich stattdessen endlich auf dich und darauf, was dir wichtig ist. Deine Ziele. Deine Beziehungen. Dein Leben. Zwei einfache Worte - Lass sie - werden dich befreien. Befreien von der ständigen Anstrengung, alles und jeden um dich herum kontrollieren zu wollen. Befreien von den Meinungen, den Sorgen, den Emotionen und den Urteilen anderer. Wer akzeptiert, dass man die Handlungen und Meinungen anderer nicht steuern kann, gewinnt Freiraum, Gelassenheit und Energie, die eigenen Möglichkeiten klarer zu sehen und zu nutzen. Akzeptanz und Wohlwollen stärken uns selbst und unsere Beziehungen.</marc:subfield>
   </marc:datafield>
   <marc:datafield ind1=" " ind2=" " tag="020">
      <marc:subfield code="a">9783442180653</marc:subfield>
      <marc:subfield code="9">9783442180653</marc:subfield>
   </marc:datafield>
</marc:record>
